| 000 | 01069cam a2200325 a 4500 | ||
|---|---|---|---|
| 001 | 17072356 | ||
| 003 | PILC | ||
| 005 | 20150304124034.0 | ||
| 008 | 111206s2012 maua b 001 0 eng | ||
| 010 | _a 2011501307 | ||
| 020 | _a9780495911340 (pbk.) | ||
| 020 | _a9781111346881 | ||
| 040 |
_aDLC _cDLC |
||
| 042 | _apcc | ||
| 050 | 0 | 0 |
_aPN 4129.15 _b.V47 2012 |
| 082 | 0 | 0 | _a808.5/1 |
| 100 | 1 | _aVerderber, Rudolph F. | |
| 245 | 1 | 4 |
_aThe challenge of effective speaking / _cRudolph F. Verderber, Deanna D. Sellnow, Kathleen S. Verderber. |
| 246 | 3 | 0 | _aEffective speaking |
| 250 | _a15th ed. | ||
| 260 |
_aBoston, MA: _bWadsworth Cengage Learning, _cc2012. |
||
| 300 |
_axx, 380 pages : _bcolored illustrations ; _c28 cm. |
||
| 504 | _aIncludes bibliographical references (p. 326-366) and index. | ||
| 650 | 0 | _aPublic speaking. | |
| 700 | 1 | _aSellnow, Deanna D. | |
| 700 | 1 |
_aVerderber, Kathleen S., _d1949- |
|
| 906 |
_a7 _bcbc _corigres _d2 _encip _f20 _gy-gencatlg |
||
| 942 |
_2lcc _cBK |
||
| 999 |
_c283711 _d283711 |
||